| 000 | 00000cam 2200000zi 4500 |
| 001 | 9.963101 |
| 003 | CaOODSP |
| 005 | 20260601173410 |
| 006 | m o d f |
| 007 | cr |n||||||||| |
| 008 | 260526e202605##oncb ob f|0| 0 fre d |
| 040 | |aCaOODSP|bfre|erda|cCaOODSP |
| 043 | |an-cn--- |
| 086 | 1 |aXC49-1/1-451-3F-PDF |
| 110 | 1 |aCanada. |bParlement. |bChambre des communes. |bComité permanent des ressources naturelles, |eauteur, |eorganisme de publication. |
| 245 | 14|aDes possibilités extraordinaires pour le Canada : |ble développement des minéraux critiques / |cle président L’honorable Terry Duguid. |
| 264 | 1|a[Ottawa] : |bChambre des communes, Canada = House of Commons, Canada, |cmai 2026. |
| 300 | |a1 ressource en ligne (viii, 94 pages) : |bcartes. |
| 336 | |atexte|btxt|2rdacontent/fre |
| 337 | |ainformatique|bc|2rdamedia/fre |
| 338 | |aressource en ligne|bcr|2rdacarrier/fre |
| 490 | 1 |aRapport du Comité permanent des ressources naturelles ; |v3e rapport, 45e législature, 1re session |
| 500 | |aPublié aussi en anglais sous le titre : An extraordinary opportunity for Canada: the development of critical minerals. |
| 504 | |aComprend des références bibliographiques. |
| 650 | 6|aRessources minérales|zCanada. |
| 650 | 6|aMines|xIndustrie|zCanada. |
| 700 | 1 |aDuguid, Terry. |
| 775 | 08|tAn extraordinary opportunity for Canada : |w(CaOODSP)9.963100 |
| 830 | #0|aRapport du Comité permanent des ressources naturelles ;|v3e rapport, 45e législature, 1re session.|w(CaOODSP)9.503407 |
| 856 | 40|qPDF|s8.69 Mo|uhttps://publications.gc.ca/collections/collection_2026/parl/xc49-1/XC49-1-1-451-3-fra.pdf |
| 856 | 4 |qHTML|sS.O.|uhttps://www.noscommunes.ca/documentviewer/fr/45-1/RNNR/rapport-3 |